000 00940nam a2200217 i 4500
001 178988
003 ES-MaACL
005 20260215162911.0
008 110817s1910 fr |||| | fre d
245 0 0 _aMédecine et pédagogie
_b: leçons professées à l'École des hautes études sociales /
_cpar MM. le Dr. Albert Mathieu, le Dr. Gillet, le Dr. S. Méry... [et al.] ; recueillies et annotées par M. Louis Bougier,... ; préface de M. le Dr. Mosny.
260 _aParis :
_bFélix Alcan,
_c1910.
300 _aVIII, 320 p. ;
_c22 cm.
490 1 _aBibliothèque générale des sciences sociales ;
_v35
650 4 _aHigiene escolar.
_9147625
700 1 _aMathieu, Albert
_979042
700 1 _aBougier, Louis Sylvestre (
_d1851-)
_9147626
700 1 _aMosny, Ernest,
_d1861-1918
_9147627
830 0 0 _aBibliothèque générale des sciences sociales
_v35
_9187778
852 _aES-MaACL
_jC-23115
999 _c178988
_d178988